| 000 | 00000nam 2200000za 4500 |
| 001 | 9.836806 |
| 003 | CaOODSP |
| 005 | 20221107151001 |
| 007 | cr ||||||||||| |
| 008 | 170516s2017 onca|||#o f000 0 eng d |
| 040 | |aCaOODSP|beng |
| 043 | |an-cn--- |
| 086 | 1 |aNH21-5/2017E-PDF |
| 245 | 10|aCMHC Newcomer |h[electronic resource] : |bfacilitating housing choice for newcomers to Canada. |
| 260 | |a[Ottawa] : |bCanada Mortgage and Housing Corporation, |cc2017. |
| 300 | |a[2] p. : |bcol. ill. |
| 500 | |aCaption title. |
| 500 | |a"17-03-17". |
| 500 | |aIssued also in French under title: SCHL Nouveaux arrivants: faciliter le choix des nouveaux arrivants au Canada en matière de logement. |
| 520 | 0 |a"CMHC Newcomer provides newcomers to Canada, with permanent or non-permanent residence status, access, to CMHC mortgage loan insurance products through approved lenders"--provided by publisher. |
| 692 | 07|2gccst|aImmigrants |
| 692 | 07|2gccst|aMortgage loans |
| 692 | 07|2gccst|aHousing |
| 710 | 2 |aCanada Mortgage and Housing Corporation. |
| 775 | 08|tSCHL Nouveaux arrivants |w(CaOODSP)9.836809 |
| 856 | 40|qPDF|s99 KB|uhttps://publications.gc.ca/collections/collection_2017/schl-cmhc/NH21-5-2017-eng.pdf |
| 986 | |a65628 |